Top 5 des meilleurs buteurs étranger de l'histoire en Premier League - Statistiques

Statistiques générales
  • Ce quiz a été pris 203 fois
  • Le résultat moyen est 4 sur 5
Statistiques - réponses
But Match Nationalité Joueur % Correct
167 275 Égypte Mohamed Salah
100%
175 258 France Thierry Henry
96%
184 275 Argentine Sergio Aguero
90%
144 280 Pays-Bas Robin Van Persie
82%
127 288 Pays-Bas Jimmy Floyd Hasselbaink
5%
Aucun quiz correspondant
Distribution des résultats
% des personnes avec chaque résultat
Percentile par nombre de réponses
Votre historique - résultats
Vous n’avez pas pris ce quiz